| 000 | 00594 a2200217 4500 | ||
|---|---|---|---|
| 005 | 20260128104422.0 | ||
| 008 | 260127b |||||||| |||| 00| 0 eng d | ||
| 020 |
_a9783030415518 _c€ 149.99 |
||
| 040 | _aMAIN | ||
| 082 |
_a631.8 _bN133C |
||
| 100 | _aNaeem, M | ||
| 245 | _aContaminants in agriculture: Sources, impacts and management | ||
| 260 |
_bSpringer _c2020 _aSwitzerland |
||
| 300 | _axiv, 446 | ||
| 650 | _aAgriculture | ||
| 650 | _aAgricultural Chemistry | ||
| 650 | _aCrop Plant | ||
| 700 | _aAnsari, Abid Ali | ||
| 700 | _aGill, Sarvajeet Singh | ||
| 942 | _cBK | ||
| 999 |
_c395352 _d395352 |
||